Impact of weather extremities (excess water, drought) caused by climate change on soils in Hungarian Great Plain (SE Hungary)

Elmentve itt :
Bibliográfiai részletek
Szerzők: Puskás Irén
Gál Norbert
Farsang Andrea
Dokumentumtípus: Cikk
Megjelent: 2012
Sorozat:Review of climate change research program at the University of Szeged (2010–2012)
Kulcsszavak:Éghajlati változás - Magyarország - regionális, Éghajlatváltozás - Magyarország - regionális, Alföld
Online Access:http://acta.bibl.u-szeged.hu/62457
LEADER 00932nab a2200205 i 4500
001 acta62457
005 20260224081030.0
008 191118s2012 hu o 000 hun d
020 |a 978 963 306 161 9 
040 |a SZTE Egyetemi Kiadványok Repozitórium  |b hun 
041 |a hun 
100 1 |a Puskás Irén 
245 1 0 |a Impact of weather extremities (excess water, drought) caused by climate change on soils in Hungarian Great Plain (SE Hungary)  |h [elektronikus dokumentum] /  |c  Puskás Irén 
260 |c 2012 
300 |a 73-88 
490 0 |a Review of climate change research program at the University of Szeged (2010–2012) 
695 |a Éghajlati változás - Magyarország - regionális, Éghajlatváltozás - Magyarország - regionális, Alföld 
700 0 1 |a Gál Norbert  |e aut 
700 0 1 |a Farsang Andrea  |e aut 
856 4 0 |u http://acta.bibl.u-szeged.hu/62457/1/review_of_climate_change_research_program_073-088.pdf  |z Dokumentum-elérés